000 01799nam a2200505 i 4500
001 15128
003 KOSZ 005
005 20200622103248.0
008 200401s1955 pl a f 001 0 pol
015 _aUWD 1955/8225
035 _a991047237999705066
035 _a(PL-WaBN)b23044779-48omnis_nlop
035 _ab23044779
035 _a(OCoLC)749436935
035 _a(PL)b0000002304477
035 _a(EXLNZ-48OMNIS_NETWORK)9910381384905606
040 _aWA N
_cWA N
_dKOSZ 005/RW
041 1 _apol
_hrus
046 _k1952
080 _a539
080 _a544
100 1 _aKobeko, Pavel Pavlovič
_d(1897-1954)
_eAutor
245 1 0 _aCiała bezpostaciowe :
_bwłasności fizykochemiczne prostych i wielkocząsteczkowych substancji bezpostaciowych /
_cP. Kobeko ; [tłumaczenie Czesław Kirklewski].
246 1 _iTytuł oryginału:
_aAmorfnye veŝestva
260 _aWarszawa :
_bPaństwowe Wydawnictwo Naukowe,
_c1955.
300 _a327, [1] stron :
_bilustracje ;
_c25 cm.
336 _aTekst
_btxt
_2rdacontent
337 _aBez urządzenia pośredniczącego
_bn
_2rdamedia
338 _aWolumin
_bnc
_2rdacarrier
380 _aKsiążki
388 _a1901-2000
388 _a1945-1989
504 _aBibliografia na stronach [313]-318. Indeks.
650 7 _aChemia fizyczna
650 7 _aZwiązki wielkocząsteczkowe
650 7 _aWłaściwości chemiczne
650 7 _aWłaściwości fizyczne
658 _aChemia
658 _aFizyka i astronomia
700 1 _aKirklewski, Czesław
_eTłumaczenie
710 2 _aPaństwowe Wydawnictwo Naukowe
_4pbl
856 _uhttp://koha.tu.koszalin.pl/cgi-bin/koha/opac-detail.pl?biblionumber=15128
_yKatalog online BPK
942 _2UKD
_cKS
999 _c15128
_d15128